[Event "Hastings Masters op"]
[Site "Hastings"]
[Date "2022.12.29"]
[Round "2"]
[White "Lutsko, Artem"]
[Black "Eames, Robert"]
[Result "0-1"]
[WhiteElo "2431"]
[BlackElo "2136"]
[PlyCount "82"]
[EventDate "2022.12.28"]
[EventType "swiss"]
[EventRounds "10"]
[EventCountry "ENG"]
[SourceTitle "CBM 212 Extra"]
[Source "ChessBase"]
[SourceDate "2023.03.31"]
[SourceVersion "1"]
[SourceVersionDate "2023.03.31"]
[SourceQuality "1"]

1. d4 Nf6 2. c4 c5 3. d5 b5 4. cxb5 a6 5. bxa6 g6 6. Nc3 Bg7 7. e4 0-0 8. a7 Rxa7 9. Nf3 e6 10. Be2 exd5 11. exd5 d6 12. 0-0 Na6 13. Bf4 Re8 14. Bb5 Ree7 15. Bc6 Nh5 16. Bg5 f6 17. Be3 Rxe3 18. fxe3 Bh6 19. e4 Be3+ 20. Kh1 Qf8 21. Qe1 Qh6 22. Qh4 g5 23. Qe1 Bf4 24. Ne2 Nb4 25. Nxf4 Nxf4 26. Qg3 Rg7 27. a3 Nc2 28. Nd2 Nxa1 29. Rxa1 f5 30. exf5 Bxf5 31. Re1 Qf6 32. Nc4 Re7 33. Rxe7 Qxe7 34. Ne3 Be4 35. h4 h6 36. a4 Qf6 37. a5 Qxb2 38. hxg5 Ne2 39. Qf2 hxg5 40. Ng4 Qa1+ 41. Kh2 Qh8+ 0-1

[Event "BL2-Ost 2223"]
[Site "Germany"]
[Date "2022.10.23"]
[Round "2.3"]
[White "Lutsko, Artem"]
[Black "Schwabeneder, Florian"]
[Result "1/2-1/2"]
[WhiteElo "2442"]
[BlackElo "2414"]
[PlyCount "87"]
[EventDate "2022.10.22"]
[EventType "team-tourn"]
[EventRounds "10"]
[EventCountry "GER"]
[SourceTitle "EXT 2024"]
[Source "ChessBase"]
[SourceDate "2023.10.10"]
[SourceVersion "1"]
[SourceVersionDate "2023.10.10"]
[SourceQuality "1"]
[WhiteTeam "Regensburg Bavaria"]
[BlackTeam "Passau"]
[WhiteTeamCountry "GER"]
[BlackTeamCountry "GER"]

1. e4 e6 2. d4 d5 3. Nc3 Be7 4. Nf3 Nf6 5. Bd3 c5 6. exd5 exd5 7. dxc5 Bxc5 8. 0-0 0-0 9. Bg5 Be6 10. Ne2 h6 11. Bh4 Nc6 12. Nf4 Bg4 13. h3 Bxf3 14. Qxf3 Ne5 15. Qe2 Nxd3 16. Nxd3 Bb6 17. Qf3 g5 18. Bg3 Rc8 19. c3 Ne4 20. Rad1 a5 21. Ne1 Re8 22. Nc2 Qf6 23. Qxf6 Nxf6 24. Rfe1 Ne4 25. Kf1 Rc6 26. Rd3 Rce6 27. Red1 f5 28. Nd4 Bxd4 29. Rxd4 f4 30. Bh2 Nf6 31. f3 b5 32. Bg1 Kf7 33. R4d2 a4 34. Bd4 Nh5 35. Bf2 Nf6 36. Rd4 Rc6 37. Rb4 Rb8 38. Bd4 Nd7 39. Bf2 Nf6 40. g3 fxg3 41. Bxg3 Rbb6 42. Be5 Rc4 43. Bxf6 Rxb4 44. Bd4 1/2-1/2

[Event "GER-chT Lands U20"]
[Site "Wiesbaden"]
[Date "2022.10.03"]
[Round "6.2"]
[White "Lutsko, Artem"]
[Black "Petrovskiy, Vadim"]
[Result "1/2-1/2"]
[WhiteElo "2431"]
[BlackElo "2320"]
[PlyCount "49"]
[EventDate "2022.09.30"]
[EventType "team-swiss"]
[EventRounds "7"]
[EventCountry "GER"]
[SourceTitle "CBM 210 Extra"]
[Source "ChessBase"]
[SourceDate "2022.11.30"]
[SourceVersion "1"]
[SourceVersionDate "2022.11.30"]
[SourceQuality "1"]
[WhiteTeam "Bayern U20"]
[BlackTeam "Hessen U20"]
[WhiteTeamCountry "GER"]
[BlackTeamCountry "GER"]

1. e4 c5 2. Nf3 d6 3. d4 cxd4 4. Nxd4 Nf6 5. Nc3 a6 6. Be2 e5 7. Nb3 Be7 8. Be3 Be6 9. 0-0 0-0 10. Qd2 Nbd7 11. a4 Nb6 12. a5 Nc4 13. Bxc4 Bxc4 14. Rfd1 Rc8 15. Nc1 d5 16. Bb6 Qe8 17. exd5 Bb4 18. d6 Qd7 19. Nd3 Bxd6 20. Nxe5 Bxe5 21. Qxd7 Nxd7 22. Rxd7 Bxc3 23. bxc3 Bb5 24. Rxb7 Rxc3 25. Rc7 1/2-1/2

[Event "GER-chT Lands U20"]
[Site "Wiesbaden"]
[Date "2022.10.02"]
[Round "3.1"]
[White "Bornholdt, Joa Max"]
[Black "Lutsko, Artem"]
[Result "1/2-1/2"]
[WhiteElo "2196"]
[BlackElo "2431"]
[PlyCount "62"]
[EventDate "2022.09.30"]
[EventType "team-swiss"]
[EventRounds "7"]
[EventCountry "GER"]
[SourceTitle "CBM 210 Extra"]
[Source "ChessBase"]
[SourceDate "2022.11.30"]
[SourceVersion "1"]
[SourceVersionDate "2022.11.30"]
[SourceQuality "1"]
[WhiteTeam "Schleswig Holstein U20"]
[BlackTeam "Bayern U20"]
[WhiteTeamCountry "GER"]
[BlackTeamCountry "GER"]

1. d4 Nf6 2. Nf3 e6 3. g3 d5 4. Bg2 c5 5. 0-0 cxd4 6. Nxd4 e5 7. Nb3 Be6 8. Nc3 Be7 9. Bg5 Nbd7 10. f4 exf4 11. gxf4 g6 12. Kh1 h6 13. Bh4 Nb6 14. Nd4 Bg4 15. Qd3 0-0 16. Rg1 Kh8 17. Rad1 Rc8 18. h3 Bh5 19. Nf3 Nc4 20. Qd4 Kh7 21. b3 Nd6 22. Nxd5 Nxd5 23. Qxd5 Bxh4 24. Qxd6 Qxd6 25. Rxd6 Bg3 26. c4 Rc7 27. Rgd1 Bxf4 28. Rd7 Rfc8 29. Kg1 Bg3 30. Kf1 Kg7 31. R1d5 Bxf3 1/2-1/2

[Event "GER-chT Lands U20"]
[Site "Wiesbaden"]
[Date "2022.10.01"]
[Round "2.1"]
[White "Lutsko, Artem"]
[Black "Boder, Jan"]
[Result "1-0"]
[WhiteElo "2431"]
[BlackElo "2341"]
[PlyCount "73"]
[EventDate "2022.09.30"]
[EventType "team-swiss"]
[EventRounds "7"]
[EventCountry "GER"]
[SourceTitle "CBM 210 Extra"]
[Source "ChessBase"]
[SourceDate "2022.11.30"]
[SourceVersion "1"]
[SourceVersionDate "2022.11.30"]
[SourceQuality "1"]
[WhiteTeam "Bayern U20"]
[BlackTeam "Rheinland Pfalz U20"]
[WhiteTeamCountry "GER"]
[BlackTeamCountry "GER"]

1. d4 Nf6 2. c4 c5 3. d5 b5 4. cxb5 a6 5. bxa6 e6 6. a7 Rxa7 7. dxe6 fxe6 8. e4 d5 9. e5 Ne4 10. Nd2 Nxd2 11. Bxd2 Nc6 12. Nf3 Qc7 13. Bb5 Ba6 14. Bxa6 Rxa6 15. 0-0 Be7 16. Re1 0-0 17. b3 Rf5 18. Bc3 Ra8 19. a4 Raf8 20. Qe2 Bd8 21. a5 Qf7 22. Ra2 g5 23. h3 h5 24. Qb5 g4 25. hxg4 hxg4 26. Nh2 Rxf2 27. Nxg4 Na7 28. Qa6 Rxa2 29. Nh6+ Kg7 30. Nxf7 Rxf7 31. Rf1 d4 32. Rxf7+ Kxf7 33. Qxa7+ Be7 34. Be1 Ra1 35. Kf2 d3 36. Qd7 Ra2+ 37. Ke3 1-0

[Event "Wch U16"]
[Site "Mamaia"]
[Date "2022.09.14"]
[Round "9"]
[White "Lutsko, Artem"]
[Black "Karolczuk, Iwo"]
[Result "1-0"]
[WhiteElo "2431"]
[BlackElo "2338"]
[PlyCount "83"]
[EventDate "2022.09.06"]
[EventType "swiss"]
[EventRounds "11"]
[EventCountry "ROU"]
[SourceTitle "CBM 210 Extra"]
[Source "ChessBase"]
[SourceDate "2022.11.30"]
[SourceVersion "1"]
[SourceVersionDate "2022.11.30"]
[SourceQuality "1"]

1. Nf3 c5 2. c4 Nc6 3. d4 cxd4 4. Nxd4 Nf6 5. g3 g6 6. Bg2 Bg7 7. 0-0 0-0 8. Nc3 d6 9. Nxc6 bxc6 10. Bxc6 Bh3 11. Bxa8 Qxa8 12. f3 Bxf1 13. Kxf1 Qc8 14. Qd3 Nd7 15. Bf4 Nb6 16. Rc1 e5 17. Bg5 h6 18. Be7 Re8 19. Bxd6 Qxc4 20. Qxc4 Nxc4 21. Nb5 Rc8 22. Rc3 e4 23. Nxa7 Nd2+ 24. Kg2 Rxc3 25. bxc3 Bxc3 26. Nb5 exf3+ 27. exf3 Ba5 28. Bf4 Kg7 29. Nd6 f5 30. Bxd2 Bxd2 31. Nc4 Bb4 32. a4 Kf6 33. a5 Ke6 34. a6 Bc5 35. f4 Kd5 36. Ne5 g5 37. Kf3 Bd4 38. h3 gxf4 39. gxf4 Bc5 40. Kg3 Ke4 41. Nc6 h5 42. h4 1-0

[Event "Wch U16"]
[Site "Mamaia"]
[Date "2022.09.13"]
[Round "8"]
[White "Filip, Andrei"]
[Black "Lutsko, Artem"]
[Result "1-0"]
[WhiteElo "2356"]
[BlackElo "2431"]
[PlyCount "149"]
[EventDate "2022.09.06"]
[EventType "swiss"]
[EventRounds "11"]
[EventCountry "ROU"]
[SourceTitle "CBM 210 Extra"]
[Source "ChessBase"]
[SourceDate "2022.11.30"]
[SourceVersion "1"]
[SourceVersionDate "2022.11.30"]
[SourceQuality "1"]

1. e4 e5 2. Nf3 Nc6 3. Bc4 Nf6 4. Ng5 d5 5. exd5 Na5 6. Bb5+ c6 7. dxc6 bxc6 8. Bd3 Nd5 9. Nf3 Bd6 10. 0-0 0-0 11. Re1 f5 12. Nxe5 Qf6 13. Nf3 g5 14. c4 Nf4 15. Bf1 g4 16. d4 gxf3 17. Qxf3 Ne6 18. d5 Nd4 19. Qc3 Nb7 20. dxc6 Nc5 21. Be3 Be5 22. Qa5 Nce6 23. Na3 Bc7 24. Qc3 Be5 25. Qa5 Rb8 26. Bc1 Nxc6 27. Qd5 Bb7 28. Bf4 Bxf4 29. Rxe6 Qf7 30. Rxc6 Bxc6 31. Qxc6 Rxb2 32. Qf3 Be5 33. c5 Rb4 34. Re1 Re4 35. Qxe4 Bxh2+ 36. Kh1 fxe4 37. Bc4 Bc7 38. Kg1 Re8 39. Bxf7+ Kxf7 40. Nb5 Re7 41. Nxc7 Rxc7 42. Rxe4 Rxc5 43. Rb4 Rc1+ 44. Kh2 Rc2 45. Rf4+ Kg6 46. a4 a5 47. f3 h5 48. Rd4 Rc5 49. Kh3 Re5 50. Rd6+ Kf5 51. g3 Rc5 52. Rh6 Kg5 53. Ra6 Kf5 54. Kh4 Rc4+ 55. Kxh5 Rxa4 56. Rb6 Rb4 57. Rg6 a4 58. Rg5+ Kf6 59. Ra5 Rb3 60. Kg4 a3 61. f4 Rc3 62. Ra6+ Kf7 63. Kh4 Rf3 64. Ra4 Kf6 65. g4 a2 66. Ra6+ Kf7 67. Kg5 Rf2 68. f5 Rg2 69. Ra7+ Ke8 70. Kh5 Rf2 71. Kg6 Rb2 72. g5 Rc2 73. f6 Rf2 74. Kg7 Rf5 75. g6 1-0

[Event "Wch U16"]
[Site "Mamaia"]
[Date "2022.09.10"]
[Round "5"]
[White "Lutsko, Artem"]
[Black "Pranav, Anand"]
[Result "1/2-1/2"]
[WhiteElo "2431"]
[BlackElo "2494"]
[PlyCount "93"]
[EventDate "2022.09.06"]
[EventType "swiss"]
[EventRounds "11"]
[EventCountry "ROU"]
[SourceTitle "CBM 210 Extra"]
[Source "ChessBase"]
[SourceDate "2022.11.30"]
[SourceVersion "1"]
[SourceVersionDate "2022.11.30"]
[SourceQuality "1"]

1. e4 c5 2. Nf3 Nc6 3. Bb5 e6 4. Bxc6 bxc6 5. b3 Ne7 6. Bb2 d6 7. e5 dxe5 8. Nxe5 f6 9. Nc4 e5 10. 0-0 Ng6 11. Nc3 Be7 12. Qf3 Qc7 13. Ba3 Be6 14. Qe3 f5 15. f4 Bxc4 16. bxc4 Qa5 17. Ne2 e4 18. g4 Nh4 19. gxf5 0-0 20. Bb2 Nf3+ 21. Kh1 Bf6 22. Bxf6 Rxf6 23. d3 exd3 24. cxd3 Nd4 25. Nxd4 cxd4 26. Qxd4 Qxf5 27. Rae1 c5 28. Qe4 Rd8 29. Rf3 Qd7 30. Rg3 Rdf8 31. Rf3 Rf5 32. Kg2 R5f6 33. h3 h6 34. Kg3 Kh8 35. f5 Kh7 36. Qe7 Qd4 37. Qe5 Qd7 38. Ref1 Qc6 39. d4 cxd4 40. Qxd4 Qc7+ 41. Kg2 Rd8 42. Qe4 Qa5 43. R3f2 Qa3 44. h4 Qc5 45. Rf4 Rd7 46. R1f2 a5 47. h5 1/2-1/2

[Event "Wch U16"]
[Site "Mamaia"]
[Date "2022.09.08"]
[Round "3"]
[White "Lutsko, Artem"]
[Black "Borrmann, Laurenz"]
[Result "1-0"]
[WhiteElo "2431"]
[BlackElo "2282"]
[PlyCount "131"]
[EventDate "2022.09.06"]
[EventType "swiss"]
[EventRounds "11"]
[EventCountry "ROU"]
[SourceTitle "CBM 210 Extra"]
[Source "ChessBase"]
[SourceDate "2022.11.30"]
[SourceVersion "1"]
[SourceVersionDate "2022.11.30"]
[SourceQuality "1"]

1. d4 Nf6 2. c4 e6 3. g3 d5 4. Bg2 dxc4 5. Nf3 c6 6. 0-0 b5 7. a4 Bb7 8. b3 cxb3 9. Nbd2 Be7 10. Nxb3 0-0 11. Ne5 b4 12. a5 Nd5 13. Qc2 Ba6 14. Bb2 Qc7 15. Rfc1 Nc3 16. Bxc3 bxc3 17. e3 Bb4 18. Nd3 Bxd3 19. Qxd3 Nd7 20. Ra4 Rab8 21. Qc4 Qd6 22. Qa6 Qc7 23. Bxc6 Rfc8 24. Bb5 Bf8 25. Rc4 Qd8 26. R1xc3 Rxc4 27. Bxc4 Qc8 28. Kf1 Nf6 29. Qxc8 Rxc8 30. Rc2 Nd5 31. Nc5 Nb4 32. Rb2 Bxc5 33. dxc5 Nc6 34. Ba6 Rc7 35. Rb7 Re7 36. Rxe7 Nxe7 37. Bb7 Kf8 38. Ke2 Ke8 39. Kd3 Kd7 40. Kc4 Kc7 41. Be4 h6 42. Kb5 Nc8 43. Ka6 Kb8 44. Bb7 Ne7 45. e4 Ng6 46. f4 e5 47. f5 Ne7 48. g4 Ng8 49. Bd5 Nf6 50. Bxf7 Nxe4 51. Kb5 Kc7 52. Bd5 Nf6 53. Bf3 e4 54. Bh1 e3 55. Bf3 Nd5 56. Kc4 Nf4 57. Kc3 Kd7 58. c6+ Kd6 59. h4 Kc7 60. g5 hxg5 61. hxg5 Kd6 62. f6 g6 63. Be4 Ne6 64. f7 Kc7 65. Bxg6 Kxc6 66. Bf5 1-0

[Event "Wch U16"]
[Site "Mamaia"]
[Date "2022.09.07"]
[Round "2"]
[White "Stankovic, Boris"]
[Black "Lutsko, Artem"]
[Result "0-1"]
[WhiteElo "2208"]
[BlackElo "2431"]
[PlyCount "88"]
[EventDate "2022.09.06"]
[EventType "swiss"]
[EventRounds "11"]
[EventCountry "ROU"]
[SourceTitle "CBM 210 Extra"]
[Source "ChessBase"]
[SourceDate "2022.11.30"]
[SourceVersion "1"]
[SourceVersionDate "2022.11.30"]
[SourceQuality "1"]

1. e4 e5 2. Nf3 Nc6 3. Bc4 Nf6 4. d4 exd4 5. e5 Ng4 6. 0-0 Be7 7. Re1 d6 8. exd6 Qxd6 9. b3 Be6 10. Ba3 Qd7 11. Bxe6 fxe6 12. Bxe7 Qxe7 13. Nxd4 Qh4 14. Rxe6+ Ne7 15. h3 Qxf2+ 16. Kh1 Rd8 17. c3 Ne3 18. Qh5+ Kd7 19. Rxe3 Qxe3 20. Qg4+ Ke8 21. Na3 Qxc3 22. Rd1 Qc5 23. Nc4 Qd5 24. Ne3 Qe5 25. Nc4 Qf6 26. Qh5+ g6 27. Qc5 Rd7 28. Ne3 b6 29. Qc4 c5 30. Ng4 Qg7 31. Qe6 Rxd4 32. Nf6+ Qxf6 33. Qxf6 Rxd1+ 34. Kh2 Rf8 35. Qh4 h5 36. Qa4+ Rd7 37. Qe4 Rf2 38. Kg3 Rdd2 39. Qa8+ Kf7 40. Qxa7 Rxg2+ 41. Kf3 Rgf2+ 42. Ke4 Rxa2 43. Qxb6 Rae2+ 44. Kd3 Re3+ 0-1

[Event "Olomouc GM 23rd"]
[Site "Olomouc"]
[Date "2022.08.13"]
[Round "1"]
[White "Winkelman, Albert"]
[Black "Lutsko, Artem"]
[Result "0-1"]
[WhiteElo "2278"]
[BlackElo "2407"]
[PlyCount "92"]
[EventDate "2022.08.13"]
[EventType "tourn"]
[EventRounds "9"]
[EventCountry "CZE"]
[EventCategory "6"]
[SourceTitle "CBM 209 Extra"]
[Source "ChessBase"]
[SourceDate "2022.09.30"]
[SourceVersion "1"]
[SourceVersionDate "2022.09.30"]
[SourceQuality "1"]

1. c4 Nf6 2. Nc3 e5 3. g3 Bb4 4. Bg2 0-0 5. Nf3 Bxc3 6. bxc3 Re8 7. 0-0 c6 8. Rb1 d5 9. d4 e4 10. Ne5 Nbd7 11. cxd5 cxd5 12. Bf4 Nb6 13. a4 Nh5 14. Be3 Nd7 15. c4 Nhf6 16. Bf4 dxc4 17. Nxc4 Nb6 18. Nd6 Re7 19. Be5 Nfd5 20. Nxe4 f6 21. Bf4 Bf5 22. Qd3 Kh8 23. Bd2 Nxa4 24. Rfc1 a6 25. f3 b5 26. Rc6 Qe8 27. Qc2 Bd7 28. Nd6 Qd8 29. Rc5 Nxc5 30. Qxc5 Be6 31. e4 Rc7 32. Qa3 b4 33. Bxb4 Nxb4 34. Qxb4 a5 35. Qa3 Rb8 36. Rxb8 Qxb8 37. Bf1 Qb3 38. Nb5 Qxa3 39. Nxa3 Rc3 40. d5 Rxa3 41. dxe6 Kg8 42. Kf2 Kf8 43. Bc4 Rc3 44. Bd5 a4 45. Ke2 a3 46. Kd2 Rxf3 0-1

[Event "Prague Summer op 9th"]
[Site "Prague"]
[Date "2022.08.07"]
[Round "4"]
[White "Gloser, David"]
[Black "Lutsko, Artem"]
[Result "1/2-1/2"]
[WhiteElo "2221"]
[BlackElo "2407"]
[PlyCount "113"]
[EventDate "2022.08.05"]
[EventType "swiss"]
[EventRounds "9"]
[EventCountry "CZE"]
[SourceTitle "CBM 209 Extra"]
[Source "ChessBase"]
[SourceDate "2022.09.30"]
[SourceVersion "1"]
[SourceVersionDate "2022.09.30"]
[SourceQuality "1"]

1. e4 c5 2. Nf3 d6 3. d4 cxd4 4. Nxd4 Nf6 5. Nc3 a6 6. Be3 e5 7. Nb3 Be6 8. f3 h5 9. Qd2 Nbd7 10. Nd5 Bxd5 11. exd5 g6 12. Be2 Bg7 13. 0-0 0-0 14. Na5 Qc7 15. c4 b6 16. Nc6 Nb8 17. Nxb8 Rfxb8 18. Rac1 Nd7 19. Bd3 a5 20. Kh1 Nc5 21. Bb1 Re8 22. b3 Qd7 23. Rce1 Rec8 24. Bh6 Re8 25. Rg1 Qd8 26. Bg5 Bf6 27. Bh6 Rb8 28. g4 h4 29. Be3 b5 30. g5 Bg7 31. Bxc5 dxc5 32. Bd3 a4 33. Re4 h3 34. Qf2 axb3 35. axb3 Qd6 36. cxb5 Qxd5 37. Bc4 Qd6 38. Qf1 Qd7 39. Rh4 Red8 40. Qxh3 Qe8 41. Qg2 Rxb5 42. Bxb5 Qxb5 43. Qc2 Rd3 44. Rc4 Rxf3 45. Rxc5 Qd7 46. Rc8+ Kh7 47. Rc4 Qb7 48. Qe4 Qxb3 49. Qh4+ Kg8 50. Rc8+ Bf8 51. Rxf8+ Kxf8 52. Qh8+ Ke7 53. Qxe5+ Qe6 54. Qc5+ Ke8 55. Ra1 Rd3 56. Ra8+ Rd8 57. Rxd8+ 1/2-1/2

[Event "Bamberg op 4th"]
[Site "Bamberg"]
[Date "2022.07.28"]
[Round "3"]
[White "Lutsko, Artem"]
[Black "Sailer, Wolfgang"]
[Result "1-0"]
[WhiteElo "2392"]
[BlackElo "2086"]
[PlyCount "61"]
[EventDate "2022.07.27"]
[EventType "swiss"]
[EventRounds "9"]
[EventCountry "GER"]
[SourceTitle "EXT 2023"]
[Source "ChessBase"]
[SourceDate "2022.10.05"]
[SourceVersion "1"]
[SourceVersionDate "2022.10.05"]
[SourceQuality "1"]

1. Nf3 Nf6 2. g3 d5 3. Bg2 e6 4. d4 Be7 5. c4 0-0 6. Nc3 Nc6 7. 0-0 b6 8. Ne5 Bb7 9. e4 Nd7 10. Nxc6 Bxc6 11. exd5 exd5 12. cxd5 Bb7 13. d6 Bxg2 14. dxe7 Qxe7 15. Kxg2 Rfe8 16. Bf4 Nf8 17. Re1 Qd7 18. Re5 Ng6 19. Rxe8+ Rxe8 20. Be3 h5 21. Qf3 h4 22. h3 hxg3 23. fxg3 b5 24. a3 a5 25. Bf2 b4 26. axb4 axb4 27. Na4 Qb5 28. Nc5 Re2 29. b3 Rc2 30. Re1 Nf8 31. Ne4 1-0

[Event "Dortmund NRW Cup U20 49th"]
[Site "Dortmund"]
[Date "2022.07.20"]
[Round "5"]
[White "Dahl, Christoph"]
[Black "Lutsko, Artem"]
[Result "0-1"]
[WhiteElo "2355"]
[BlackElo "2392"]
[PlyCount "72"]
[EventDate "2022.07.16"]
[EventType "tourn"]
[EventRounds "9"]
[EventCountry "GER"]
[EventCategory "5"]
[SourceTitle "CBM 209 Extra"]
[Source "ChessBase"]
[SourceDate "2022.09.30"]
[SourceVersion "1"]
[SourceVersionDate "2022.09.30"]
[SourceQuality "1"]

1. e4 c5 2. Nf3 d6 3. d4 cxd4 4. Nxd4 Nf6 5. Nc3 a6 6. Bg5 e6 7. f4 Be7 8. Qf3 Qc7 9. 0-0-0 Nbd7 10. Bd3 b5 11. Rhe1 Bb7 12. Nd5 exd5 13. Nf5 Kf8 14. exd5 Bd8 15. Qg3 Rg8 16. Nxg7 Rxg7 17. Bh6 Nh5 18. Qe3 Ndf6 19. g4 Qc5 20. gxh5 Qxe3+ 21. Rxe3 Kg8 22. Bxg7 Kxg7 23. h6+ Kf8 24. Rg3 Bb6 25. Kb1 Re8 26. c4 bxc4 27. Bxc4 Bc5 28. Rb3 Bc8 29. Bd3 Bg4 30. Rc1 a5 31. Rb5 a4 32. a3 Ra8 33. Rc2 Bf3 34. b4 axb3 35. Rxb3 Bxd5 36. Rbc3 Ne4 0-1

[Event "Dortmund NRW Cup U20 49th"]
[Site "Dortmund"]
[Date "2022.07.18"]
[Round "3"]
[White "O'Gorman, Tom"]
[Black "Lutsko, Artem"]
[Result "1/2-1/2"]
[WhiteElo "2401"]
[BlackElo "2392"]
[PlyCount "163"]
[EventDate "2022.07.16"]
[EventType "tourn"]
[EventRounds "9"]
[EventCountry "GER"]
[EventCategory "5"]
[SourceTitle "CBM 209 Extra"]
[Source "ChessBase"]
[SourceDate "2022.09.30"]
[SourceVersion "1"]
[SourceVersionDate "2022.09.30"]
[SourceQuality "1"]

1. c4 e5 2. Nc3 Nc6 3. g3 g6 4. Bg2 Bg7 5. Nf3 Nge7 6. 0-0 0-0 7. d3 d6 8. Rb1 h6 9. b4 Nd4 10. Nxd4 exd4 11. Nd5 Nxd5 12. cxd5 h5 13. Bb2 Re8 14. Rc1 Bg4 15. Re1 Qd7 16. Rc4 a5 17. bxa5 Rxa5 18. a4 Rea8 19. Qc2 Rxa4 20. Rxc7 Qb5 21. Qd2 Qb4 22. Qxb4 Rxb4 23. Bc1 Ra2 24. f3 Bf5 25. h3 Bf6 26. Bf4 Bd8 27. Rcc1 Ba5 28. g4 Bd7 29. Ra1 Rba4 30. Rxa2 Rxa2 31. Rb1 b5 32. Bf1 Bc7 33. e3 Bb6 34. exd4 Bxd4+ 35. Kh1 Ra6 36. Be2 Bc3 37. Bd1 Kf8 38. Bb3 Ke7 39. Kg2 b4 40. Bg5+ f6 41. Bh4 Bb5 42. Be1 Bxd3 43. Rc1 Bxe1 44. Rxe1+ Kd7 45. Re3 Bb1 46. Re1 Ba2 47. Ra1 Ra3 48. Rxa2 Rxb3 49. Ra7+ Kc8 50. gxh5 gxh5 51. Ra6 h4 52. Rxd6 Rb2+ 53. Kf1 b3 54. Rb6 Kc7 55. Rb5 Kd6 56. f4 Rb1+ 57. Kf2 f5 58. Kg2 Kc7 59. Kh2 Kd7 60. Rb6 Kc7 61. Rb5 Kd6 62. Kg2 b2 63. Kh2 Rf1 64. Rxb2 Kxd5 65. Rb4 Rf3 66. Kg2 Rg3+ 67. Kh2 Rd3 68. Kg2 Rd4 69. Rb8 Ke4 70. Rh8 Rd2+ 71. Kf1 Kxf4 72. Rxh4+ Kf3 73. Ke1 Re2+ 74. Kd1 Re8 75. Rh7 f4 76. h4 Kf2 77. h5 f3 78. h6 Ke3 79. Ke1 Kf4+ 80. Kf1 Kg5 81. Rf7 Kxh6 82. Rxf3 1/2-1/2

[Event "GER-ch U16"]
[Site "Willingen"]
[Date "2022.06.05"]
[Round "1"]
[White "Gluma, Christian"]
[Black "Lutsko, Artem"]
[Result "0-1"]
[WhiteElo "2014"]
[BlackElo "2392"]
[PlyCount "116"]
[EventDate "2022.06.04"]
[EventType "swiss"]
[EventRounds "9"]
[EventCountry "GER"]
[SourceTitle "CBM 208 Extra"]
[Source "ChessBase"]
[SourceDate "2022.07.31"]
[SourceVersion "1"]
[SourceVersionDate "2022.07.31"]
[SourceQuality "1"]

1. e4 c5 2. Nf3 d6 3. d4 cxd4 4. Nxd4 Nf6 5. Nc3 a6 6. Be2 e5 7. Nb3 Be7 8. Be3 Be6 9. a4 Nc6 10. 0-0 0-0 11. Qd2 Rc8 12. Rfd1 Nb4 13. Rac1 d5 14. exd5 Nfxd5 15. Nxd5 Bxd5 16. Nc5 Na2 17. Ra1 Bxc5 18. Bxc5 Rxc5 19. Bf3 Qb6 20. Bxd5 Nb4 21. Be4 f5 22. c3 fxe4 23. cxb4 Rc6 24. Rf1 Qd4 25. Rad1 Qxd2 26. Rxd2 Rc4 27. b5 Rxa4 28. bxa6 bxa6 29. g3 Rd4 30. Rc2 a5 31. Ra1 a4 32. Ra3 Rf3 33. Rcc3 Rb4 34. Rc7 Rxa3 35. bxa3 Rb3 36. Ra7 Rxa3 37. Kf1 Ra2 38. Ke1 h5 39. h3 Kh7 40. Ra6 a3 41. Kd1 Rxf2 42. Rxa3 Rf3 43. Ra4 Rxg3 44. Rxe4 Rxh3 45. Ke2 g5 46. Rxe5 Kg6 47. Kf2 h4 48. Ra5 Rb3 49. Kg2 Re3 50. Rb5 Kh5 51. Rb8 Kg4 52. Rb4+ Kf5 53. Rb5+ Kf4 54. Rb4+ Re4 55. Rb8 Re2+ 56. Kf1 Ra2 57. Rb3 g4 58. Kg1 Re2 0-1

[Event "EU-ch 22nd"]
[Site "Terme Catez"]
[Date "2022.04.05"]
[Round "10"]
[White "Lutsko, Artem"]
[Black "Hryzlova, Sofiia"]
[Result "1-0"]
[WhiteElo "2390"]
[BlackElo "2097"]
[PlyCount "75"]
[EventDate "2022.03.27"]
[EventType "swiss"]
[EventRounds "11"]
[EventCountry "SLO"]
[SourceTitle "CBM 208"]
[Source "ChessBase"]
[SourceDate "2022.06.30"]
[SourceVersion "1"]
[SourceVersionDate "2022.06.30"]
[SourceQuality "1"]

1. Nf3 d5 2. g3 c5 3. Bg2 Nf6 4. 0-0 g6 5. d3 Bg7 6. Nc3 Nc6 7. Bf4 0-0 8. Ne5 Nh5 9. Nxc6 bxc6 10. Bd2 e5 11. Na4 Qd6 12. Be3 d4 13. Bc1 c4 14. dxc4 Be6 15. b3 f5 16. c3 Rad8 17. cxd4 exd4 18. Nb2 d3 19. Qxd3 Qe7 20. Qf3 f4 21. gxf4 Nxf4 22. Bxf4 g5 23. Rad1 Rxd1 24. Nxd1 Rxf4 25. Qxc6 Be5 26. Qxe6+ Qxe6 27. Bd5 Rg4+ 28. Kh1 Qxd5+ 29. cxd5 Rh4 30. Ne3 Kf7 31. Rd1 Rxh2+ 32. Kg1 Rh4 33. Nc4 Rg4+ 34. Kh1 Bf6 35. f3 Rd4 36. Rxd4 Bxd4 37. b4 Ke7 38. a4 1-0

[Event "EU-ch 22nd"]
[Site "Terme Catez"]
[Date "2022.03.30"]
[Round "4"]
[White "Lutsko, Artem"]
[Black "Korobov, Anton"]
[Result "0-1"]
[WhiteElo "2390"]
[BlackElo "2695"]
[PlyCount "64"]
[EventDate "2022.03.27"]
[EventType "swiss"]
[EventRounds "11"]
[EventCountry "SLO"]
[SourceTitle "CBM 208"]
[Source "ChessBase"]
[SourceDate "2022.06.30"]
[SourceVersion "1"]
[SourceVersionDate "2022.06.30"]
[SourceQuality "1"]

1. d4 Nf6 2. c4 e6 3. g3 Bb4+ 4. Bd2 c5 5. Bg2 0-0 6. d5 exd5 7. cxd5 d6 8. Nc3 Re8 9. Nf3 Bg4 10. 0-0 Nbd7 11. a3 Bxc3 12. Bxc3 Nb6 13. h3 Bh5 14. Bxf6 Qxf6 15. Qd2 Nc4 16. Qc2 b5 17. b3 Bg6 18. Qd1 Nb6 19. Qd2 a5 20. a4 b4 21. Rfe1 c4 22. bxc4 Nxc4 23. Qd4 Na3 24. Qxf6 gxf6 25. Nd4 Nc2 26. Nxc2 Bxc2 27. Ra2 Bb3 28. Raa1 Rac8 29. e4 Bc2 30. Ra2 Rc4 31. Rea1 b3 32. Rb2 Rb8 0-1

[Event "EU-ch 22nd"]
[Site "Terme Catez"]
[Date "2022.03.29"]
[Round "3"]
[White "Krzywda, Andrzej"]
[Black "Lutsko, Artem"]
[Result "0-1"]
[WhiteElo "2152"]
[BlackElo "2390"]
[PlyCount "104"]
[EventDate "2022.03.27"]
[EventType "swiss"]
[EventRounds "11"]
[EventCountry "SLO"]
[SourceTitle "CBM 208"]
[Source "ChessBase"]
[SourceDate "2022.06.30"]
[SourceVersion "1"]
[SourceVersionDate "2022.06.30"]
[SourceQuality "1"]

1. d4 Nf6 2. Nf3 d5 3. g3 c5 4. Bg2 cxd4 5. 0-0 h6 6. b3 h5 7. Bf4 h4 8. gxh4 Nc6 9. Nxd4 Bh3 10. Bxh3 Rxh4 11. Bg2 Rxf4 12. Nxc6 bxc6 13. c4 Qd6 14. Nd2 g5 15. cxd5 cxd5 16. Rc1 Rh4 17. Nf3 Rh6 18. Qd4 Bg7 19. Qa4+ Nd7 20. Rc2 Kd8 21. Rfc1 Nb6 22. Qb5 g4 23. Rc6 Qd7 24. Ne1 Be5 25. Nd3 Bxh2+ 26. Kf1 Rxc6 27. Rxc6 Rc8 28. Nb4 e6 29. a4 Bd6 30. Rxc8+ Kxc8 31. Nc6 Kb7 32. Na5+ Kc7 33. Qa6 Kb8 34. e4 Bb4 35. exd5 exd5 36. Kg1 Qc7 37. Bxd5 Nxd5 38. Nc6+ Ka8 39. Qb5 Qd6 40. Qa6 Qd7 41. Qb5 Bd6 42. Qc4 Qe6 43. Kf1 Nf4 44. Qa6 Bc5 45. Qb5 Qd6 46. Ke1 Nd3+ 47. Kf1 Nxf2 48. Nd4 Bxd4 49. Qe8+ Kb7 50. Qxf7+ Kb6 51. a5+ Kxa5 52. b4+ Kb6 0-1